Normal view
MARC view
Entry Personal Name
001 - CONTROL NUMBER
- control field: 82670
003 - CONTROL NUMBER IDENTIFIER
- control field: OSt
005 - DATE AND TIME OF LATEST TRANSACTION
- control field: 20241020163104.0
008 - FIXED-LENGTH DATA ELEMENTS
- fixed length control field: 241020|| aca||aabn | a|a d
040 ## - CATALOGING SOURCE
- Original cataloging agency: OSt
- Transcribing agency: OSt
100 ## - HEADING--PERSONAL NAME
- Personal name: खुराना ,प्रकाश ओम
670 ## - SOURCE DATA FOUND
- Source citation: Work cat.: (OSt)67370: खुराना ,प्रकाश ओम , भारतीय तीर्थ दर्शन , 2021









